Normal view
MARC view
- Gibbes, Lucas T.
Entry Nombre Personal
001 - NUMERO DE CONTROL
- campo de control: 44897
003 - IDENTIFICADOR DE NUMERO DE CONTROL
- campo de control: MX-MxUPN
005 - FECHA Y HORA DE LA ÜLTIMA TRANSACCIÓN
- campo de control: 20220615120922.0
008 - DATOS DE LONGITUD FIJA
- campo de control de longitud fija: 220615|| aca||aabn | a|a d
040 ## - FUENTE DE CATALOGACIÓN
- Agencia original de catalogación: MX-MxUPN
- Lenguaje de catalogación: spa
- Agencia de transcripción: MX-MxUPN
100 1# - ENCABEZAMIENTO - NOMBRE PERSONAL
- Nombre personal: Gibbes, Lucas T.
670 ## - FUENTE EN LA QUE SE LOCALIZARON DATOS
- Cita de la fuente: Compendio de historia general, 1944:
- Información localizada: portada (Lucas T. Gibbes, traductor, antiguo profesor de la Escuela Normal de Santo Domingo))
902 ## - CATALOGADOR
- Catalogador: VRC/150622
